000 01368nam2a2200277 4500
001 RU\NLR\BIBL_A\022822609
005 20260616181732.0
010 _a978-5-4448-2771-0
_bт. 3
_92000
035 _a(NLR Aleph) 022822609
090 _a13720164
_c13720164
100 _a20260601d2026 u||y0rusy50 ca
101 0 _arus
102 _aRU
105 _aac z 001yy
200 1 _aРемесло
_fсост., отв. редакторы, вступ. статья и коммент.: В. С. Отяковский, Д. М. Цыганов
210 _d2026
215 _a1174, [1] с.
_cпортр., табл.
320 _aБиблиогр. в тексте коммент. с. 1152-1164 и в подстроч. примеч.
320 _aУказ. имен: с. 1165-1175
327 1 _aСодерж.: Ремесло сцепления; Ремесло конструкции; Ремесло развертывания
461 0 _1001RU\NLR\BIBL_A\011661694
_12001#$aСобрание сочинений$fВиктор Шкловский$g[сост., отв. редактор, вступ. статья: И. Калинин]$vТ. 3
_1700#1$aШкловский$bВ. Б.$f1893-1984$gВиктор Борисович$3RU\NLR\auth\7758360
702 1 _aОтяковский
_bВ. С.
_4220
942 _cBOOK
980 _aNB